Ministry Of Special Development Initiatives (MSDI), Infrastructure For Poverty Eradication Program:2020 Transitional Handing Over Notes (Record no. 686)

MARC details
000 -LEADER
fixed length control field 00715nam a2200169Ia 4500
008 - FIXED-LENGTH DATA ELEMENTS--GENERAL INFORMATION
fixed length control field 240428s9999||||xx |||||||||||||| ||und||
041 ## - LANGUAGE CODE
Language code of text/sound track or separate title eng
082 ## - DEWEY DECIMAL CLASSIFICATION NUMBER
Classification number PL/MOSDI/20
100 ## - MAIN ENTRY--PERSONAL NAME
Personal name Ministry Of Special Development Initiatives (MSDI)
245 #0 - TITLE STATEMENT
Title Ministry Of Special Development Initiatives (MSDI), Infrastructure For Poverty Eradication Program:2020 Transitional Handing Over Notes
250 ## - EDITION STATEMENT
Edition statement Includes Appendices
260 ## - PUBLICATION, DISTRIBUTION, ETC.
Name of publisher, distributor, etc. Ministry Of Special Development Initiatives (MSDI)
Place of publication, distribution, etc. [Accra] :
Date of publication, distribution, etc. 2020
300 ## - PHYSICAL DESCRIPTION
Extent vi, 212p; tabs.
650 ## - SUBJECT ADDED ENTRY--TOPICAL TERM
Topical term or geographic name entry element Ministry Of Special Development Initiatives (MSD - Infrastructure For Poverty Eradication Program - 2020 Transitional Handing Over Notes
942 ## - ADDED ENTRY ELEMENTS (KOHA)
Koha item type Annual Report
Holdings
Withdrawn status Lost status Damaged status Not for loan Home library Current library Shelving location Date acquired Total checkouts Full call number Date last seen Copy number Price effective from Koha item type
        Main Library Main Library Open Shelves 03/02/2022   PL/MOSDI/20/60 29/04/2024 1 29/04/2024 Annual Report
©2026  Parliament of Ghana Library - All rights reserved